Holiday Quiz

Random Holiday or Math Quiz

Count to 10... With a Holiday Twist Quiz Stats

 Plays Quiz not verified by Sporcle

Score 0/10 Timer 03:00
0 Plays Today
Question Answer Wrong Answers
Alright, let's start with 1... Day # of April Fools'
95.2%
Day # of Groundhog Day
2%
Day # of Guy Fawkes Day
1.1%
Day # of US Independence Day
1.6%
Good job, now next is 2... # of lists that Santa Claus owns
76.3%
# of stars atop a Christmas tree
16.9%
# of Kings of Orient Are
3.8%
# of red noses guiding Santa's sleigh
1.5%
Let's move onto 7... # of swans a-swimming
63.3%
# of ladies dancing
6%
# of geese a-laying
10.6%
# of maids a-milking
12.4%
Great, now 8... # of days of Hanukkah
63.2%
# of days of Christmas
1.8%
# of Santa's reindeer (all of them)
26.2%
Day # of New Year's Day
0.8%
Next is 6... # of bird types in The 12 Days of Christmas
63.1%
# of types of people in The 12 Days of Christmas
22.7%
# of jewelry types in The 12 Days of Christmas
3.6%
# of tree types in The 12 Days of Christmas
3.7%
Then 4... # of food groups in Elf
54.5%
# of eyes on a Jack-o-lantern
1.5%
# of birds involved in a turducken
7.5%
# of Sundays in Lent
32.5%
Then 3... Father's Day is on the __ Sunday of June
52.8%
Mother's Day is on the __ Sunday of May
21.6%
Memorial Day is on the __ Monday of May
13.5%
Labor Day is on the __ Monday of September
9.2%
Is it 5 now? Yeah, it's 5... # of nights of Diwali
51.3%
Miracle on _4th Street
11.7%
Day # of Talk Like a Pirate Day
22.7%
Month # of the Ides of _____
9%
Last but not least, 10! # of US federal holidays
44.7%
# of days of Ramadan
19.2%
# of principles of Kwanzaa
20.4%
Day # of Remembrance Day
6.3%
Almost there! Next is 9... Month # of Mexican Independence Day
37.3%
Month # of US Independence Day
4.1%
Month # of Bastille Day
21.2%
Month # of Canada Day
28.7%

You're not logged in!

Compare scores with friends on all Sporcle quizzes.
OR
Log In

Show Comments

Extras

Top Quizzes Today


Score Distribution

Your Account Isn't Verified!

In order to create a playlist on Sporcle, you need to verify the email address you used during registration. Go to your Sporcle Settings to finish the process.

Report this User

Report this user for behavior that violates our Community Guidelines.

Details: